000 00443pab a2200157 454500
008 180718b1997 xxu||||| |||| 00| 0 eng d
100 _aSubramanian, Dilip
245 _aBangalore public sector strike, 1980-81: a critical appraisal II: the strike
260 _c1997
300 _ap.843-53
362 _a19-25 Apr
650 _aStrikes - India - Karnataka
650 _aStrikes
773 _aEconomic and Political Weekly
909 _a33782
999 _c33782
_d33782